| 000 | 00643nam a2200217 u 4500 | ||
|---|---|---|---|
| 005 | 20210223131307.0 | ||
| 008 | 100524s2004 mx r 000 0 eng d | ||
| 020 | _a9706801839 | ||
| 035 | _aUPN01000176090 | ||
| 049 | _aI | ||
| 050 | 4 |
_aPZ78 _bS9.3 |
|
| 100 | 1 |
_aSzac, Murielle, _d1964- _931562 |
|
| 245 | 1 | 0 |
_aEspero a mamá / _cMurielle Szac ; tr. Claudia Pacheco. |
| 260 |
_aMéxico : _bVerdehalago _c2004. |
||
| 300 | _a45 p. | ||
| 440 | 0 |
_aInfantil. _pNovela |
|
| 534 |
_pTítulo original: _tJ'attends maman |
||
| 650 | 4 |
_aMADRES E HIJAS EN LA LITERATURA _919464 |
|
| 650 | 4 |
_aNIÑOS - _xASISTENCIA SOCIAL _917876 |
|
| 905 | _aInfantil | ||
| 999 |
_c148193 _d148193 |
||